Ultimate HDL Quiz - Statistics

General Stats
  • This quiz has been taken 30 times
    5 since last reset
  • The average score is 155 of 255
Answer Stats
# Publisher Answer % Correct
69 Dorami A747
100%
31 Lyal Action
100%
12 Loltad Advance3
100%
79 TheJosiahTurner Apache
100%
8 Eridani Artemisia
100%
3 ZenthicAlpha Azure Paralyzer
100%
28 HHyper Beast Mayhem II
100%
21 OFFmind BIG FLOPPA
100%
33 cordeaux brisbaN
100%
26 Pl4sma Castle Dedede
100%
47 RayOriens Classical
100%
109 HHyper Coreosious
100%
62 Toxic GD Crimson Flare
100%
75 CrisPy Dash Crispy Reaction
100%
39 rKath Dark Tides
100%
53 swwft DEAD BEAT
100%
110 Darwin Deadbeat
100%
35 ViPriN Despair
100%
9 Edooox Distorzona
100%
64 Pennutoh Efetis Belis
100%
68 123Ev4n Elemental Melons
100%
27 Mazl Elemental Stones
100%
52 James Eternal Flame
100%
Insane Demon MythicalTG Fortitude
100%
7 efext GJNWSRN
100%
32 Cassidyy Hibernal
100%
20 koko43 i love lasagna
100%
41 KiwiPenguin Late
100%
37 tolstyh Magnolia
100%
61 FunnyGame Majesty
100%
10 Evasium622 Milkshake Draft
100%
22 nestorboy Pulsar
100%
14 NeyvaShift Rainfall III
100%
6 gecko0 Scarlet Pulse
100%
72 GMD Condor screamroom
100%
11 gergedan Serpent
100%
30 N4xoL Shadow temple
100%
2 Neroichi Silence
100%
42 Darite Snap
100%
23 oleki Somniare
100%
1 PerkyPenguiN Spacial Rift
100%
5 GDSpeed Stereophonic System
100%
17 Pennutoh Superior Sequence
100%
84 HHyper Surgeragon
100%
55 RyanAB Switchblade
100%
76 Knobbelboy The Furious
100%
24 Inoculist Time Decay
100%
29 Xaro Toxin Lab III
100%
88 AQTeam Universal Perception
100%
85 ValkyrieMaster ValkyriE
100%
71 TheLasaga Viridica
100%
15 RatQuesadilla watch the throne
100%
34 winterbitia xes
100%
104 zowl ABLAZE
75%
Legacy Serponge Acid Rush III
75%
82 VecToRx GD Adrenaline Chamber
75%
148 LP44 Arnac La Poste
75%
56 RyanAB Artillery
75%
46 gdParallax Backlines
75%
Legacy YoReid BEATDEMON
75%
13 Novaach BLRPL LGHTS
75%
Insane Demon Manix648 BreakthroughX
75%
Insane Demon MazZedy Buh
75%
120 Iid4sh3riI Crackdown
75%
45 Hinds Diffuse
75%
Insane Demon MaxxoRMeN dooMEd
75%
19 Mulpan Dualviper
75%
63 KazVA El Eyon
75%
121 durianhead elo2
75%
Insane Demon GDSpeed Enlightenment
75%
87 Nosef E V A C U A T I O N
75%
70 SirHadoken Evermore
75%
97 hhxa23 EXHAUST
75%
Legacy Insendium Flaklypa
75%
59 GeonoxGD Flow
75%
Legacy Fawxu Fnafbass
75%
Legacy Michigun Forest Temple
75%
103 Manix648 Fusion
75%
Legacy Metalface221 Generic
75%
86 flash HASH
75%
Legacy Toxic GD Headrush
75%
51 IronIngot I Cant Fix You
75%
18 ViPriN Impetus
75%
133 Jo2000 Infernity
75%
118 kang131 K A N G
75%
122 Df0rDie Kirbys Meltdown
75%
Insane Demon TheZinkYT Land of Frogs
75%
144 SirHadoken Massacre
75%
Legacy TecHNeT Mechanic Megaforce
75%
93 ZephiroX Nadji
75%
123 Mulpan Necrofantasia
75%
Legacy Rek3dge Nitronic Chaos
75%
98 gradientxd Njorun
75%
Insane Demon NesiaL no concept
75%
Legacy loserchik67 panic attack
75%
Legacy Hinds Psychosis
75%
Legacy Th04 Pursuit
75%
119 kaval sharp
75%
Legacy Havok Silhouette
75%
40 TheBlackHell Skywanderers
75%
Legacy Sillow Slime
75%
25 GMDElite Sonic Chamber
75%
16 Darwin Space DementiA
75%
124 BoyoftheCones Speed RaXer
75%
73 KuraiYonaka Splendid Mold
75%
Insane Demon XTHANEX StandOff
75%
Insane Demon KrmaL Steel Gear
75%
117 Zeus9 Sweet Dreams
75%
81 BIANOX The Tempest
75%
Legacy JustBasic The Theory
75%
58 RadiationV2 The Ultimate Core
75%
Legacy dolphe The Voidlands
75%
149 classic10 tipo B
75%
74 Nox Total Oblivion
75%
Legacy Wulzy TRIPPY TRIPPY
75%
4 PokeChatt tsuki
75%
105 iIiRulasiIi Ultra Circles
75%
132 shrympo Valwec
75%
Insane Demon brighyama Vengeance
75%
38 IHogartI WeIrDmAgGeDoN
75%
91 Rob Buck Wonder Cosm
75%
Legacy SwagMasta001 WRAP
75%
Legacy Zephyr Zephyrs Madness
75%
139 Mineber AfterLocked
50%
Legacy ViPriN Altair
50%
Legacy fufafac Amethyst Valley
50%
142 Darwin ARANEO
50%
60 Unbipentium Breakneck
50%
Legacy Kampos Cake By The Ocean
50%
137 Samzzx2YT cant let fly
50%
138 Giron Chaotic system
50%
141 Giron Cheeto
50%
Legacy willy5000 Crimson Cavern
50%
Legacy ZenthicAlpha Crimson Chamber
50%
Legacy TrueParadoxTeam Crystal Splash
50%
49 Edooox Cubic Force
50%
48 guppy28 Cyber Dream
50%
112 Koopazu Danksgiving
50%
Insane Demon Allan DeltaFunk
50%
106 TeamNoX Droppy
50%
Insane Demon Henmin Drop Zone
50%
Legacy Raszagal Dr Raszagal Pheonix
50%
83 AlbachungusGD Effulgent
50%
Legacy Motu Eurodancer
50%
44 Spectex Evasion
50%
Legacy Annon Extreme AnnoPark
50%
Legacy durianhead f3hcs
50%
125 hyp3rdemente Flirt Drive
50%
143 ImMaxX1 FLORAL STROBE
50%
146 Th04 Forrest Gamp
50%
Legacy Xaro Fractured Galaxy
50%
Legacy universedevon Heat Haze
50%
Legacy Clasi Hellaven II
50%
Legacy iITNCIi Hunter Nightmares
50%
135 MeRlO CreatoR HyPerTehnO
50%
36 fin Immortal Ichor
50%
54 Intensa In Limbo
50%
99 PlebKIngdom Jajagarasu
50%
136 Aqualime Kasrat
50%
131 HazukiClub KaWa
50%
130 Salaxium life
50%
147 Aquatias Mechanical Torment
50%
Legacy benissad mem
50%
Legacy BIANOX MEMORY
50%
Insane Demon JustMatt101 Mirror Tempest
50%
Insane Demon Kirzok Nana
50%
113 NateFH Nano Lights
50%
Legacy N1mda overnight
50%
Legacy Kaito Paradoxy
50%
129 Superopi Popcorn
50%
77 Espii Pressure Chamber
50%
111 ThatKai Proxima
50%
65 Darwin Quantum Variations
50%
80 Th04 Ribbit
50%
Legacy Elisione scarred hands
50%
108 MrLorenzo Shambolic
50%
90 St1ngGD Shrill Manor
50%
43 Cirtrax SIDEWAYS 8
50%
126 TheFakeLogik Sky temple
50%
Legacy Hinds Spectrum Switch
50%
Insane Demon SSaturM Technicolor
50%
Insane Demon gradientxd TENDO
50%
Legacy Aquatias Terminal Void
50%
Insane Demon KuraiYonaka Terminate Mold
50%
50 Korita Terror Factory
50%
Legacy Xender Game The Eschaton
50%
67 ItsCyclo The Game
50%
Legacy Dorami Theory of IntercepT
50%
Legacy WOOGI1411 Theory of WOOGI
50%
89 Vermillion Torment
50%
78 SawiArtz Tormenta
50%
Legacy Grax TRANSTELLAR
50%
Legacy LazerBlitz Turbo
50%
Legacy Ragnarus Veirron
50%
Legacy Wav Vile
50%
Insane Demon BaharTeam Vitouxic
50%
Legacy Elzeko Water Kingdom
50%
145 wonduu we care
50%
Insane Demon pg1004 wily
50%
Legacy brighyama Xtravagant
50%
Legacy TamaN Badland
25%
Legacy Tsuzuito Broken Reality
25%
116 nabbbbbb C1u6
25%
Legacy RedPed Critical Core
25%
Legacy Rek3dge DeCodeX
25%
Legacy Pennutoh DeCone
25%
100 Ulasp Ebony
25%
Legacy Stamina Eden Decision
25%
66 AngryBoy0644 Elevatia
25%
57 Fluore Epoch
25%
115 Dams778 Euphoria
25%
96 DriftGMD Final Conflux
25%
Legacy Havok Formula X
25%
Legacy Mazl Galactic
25%
Legacy RatQuesadilla gimmix
25%
102 LordeQuacc Hyped Up
25%
Legacy ViPriN Iridescent
25%
Legacy Pasiblitz Lets Bounce
25%
Legacy RyanAB Lightning
25%
128 Tinraz Love Syndrome
25%
Legacy Woom Mario Judas
25%
Legacy Ggb0y Neon Overdrive
25%
134 Britzlar Neurotoxin
25%
Legacy stardust1971 Nexus
25%
95 KeiAs Night of Demon
25%
Legacy ryli06 OUTBY16
25%
Legacy RadiationV2 Overcharged
25%
Insane Demon TeamHFC Pinball Panic
25%
Legacy Usermatt18 Popsicle
25%
Legacy Nico99 Primal Knight
25%
Insane Demon Hadronic Refulgent
25%
107 Dzeser reminiscence
25%
94 EndLevel RippLeZ
25%
Legacy harris7n Sokudo
25%
Legacy tenzk sometimes
25%
Legacy d3vinGD SPYTY III
25%
101 mergan Sulfuric Acid
25%
Legacy NASHII the Debug
25%
Legacy TG GBoy The GClub
25%
Legacy Renn241 theyaremanycolors
25%
Legacy PenguSit Voidless
25%
114 kentik WARZONE
25%
Legacy spirits310 Alien Invazion
0%
140 Findexi Brimstone
0%
Legacy Rob Buck Carbon Faze
0%
Legacy Striked20 Celestial Inertia
0%
150 Avelinz Devour
0%
Legacy Djoxy FlashFunk
0%
Legacy Mazl Funky Road
0%
Insane Demon VolteX Herbivorous
0%
Legacy Pennutoh Laser Box
0%
92 Cloud72 NOEM
0%
127 Falkuma NOIR
0%
Legacy Velocci Vega
0%
Legacy Sting871 Viridyans Dungeon
0%
No matching quizzes found
Score Distribution
Percent of People with Each Score
Percentile by Number Answered
Your Score History
You have not taken this quiz since the last reset